Normal view
MARC view
- Jiang, Dong.
Entry Personal Name
001 - CONTROL NUMBER
- control field: 53790
003 - CONTROL NUMBER IDENTIFIER
- control field: OSt
005 - DATE AND TIME OF LATEST TRANSACTION
- control field: 20240301124241.0
008 - FIXED-LENGTH DATA ELEMENTS
- fixed length control field: 240301|| aca||aabn | a|a d
040 ## - CATALOGING SOURCE
- Original cataloging agency: OSt
- Transcribing agency: OSt
100 ## - HEADING--PERSONAL NAME
- Personal name: Jiang, Dong.
- Relator term: author.
670 ## - SOURCE DATA FOUND
- Source citation: Work cat.: (OSt): Li, An. author. 53789, Online drive topology conversion technology for PMSM speed range extension / , June 2022.
